Directors Whose Names Start With G - Statistics

General Stats
  • This quiz has been taken 26 times
  • The average score is 6 of 24
Answer Stats
Film Country Answer % Correct
12 Monkeys UK Terry Gilliam
87%
Breathless / À bout de souffle France Jean-Luc Godard
83%
Eternal Sunshine of the Spotless Mind France Michel Gondry
61%
Guardians of the galaxy USA James Gunn
52%
Green Zone USA Paul Greengrass
52%
Ex-Machina UK Alex Garland
48%
Intolerance: Love's Struggle Throughout the Ages USA D.W. Griffith
48%
Nightcrawler USA Dan Gilroy
39%
Two Lovers USA James Gray
30%
The Draughtsman's Contract UK Peter Greenaway
30%
La Roue France Abel Gance
22%
The invention of lying UK Ricky Gervais
22%
Silent Hill France Christophe Gans
17%
Tabu Portugal Miguel Gomes
13%
Divorce Italian Style / Divorzio all'italiana Italy Pietro Germi
13%
Gomorra Italy Matteo Garrone
9%
The Postman Always Rings Twice USA Tay Garnett
9%
A View of Love / Un balcon sur la mer France Nicole Garcia
4%
In the Shadow of Women / L'Ombre des femmes France Philippe Garrel
4%
Confessions of a Cheat / Le Roman d'un tricheur France Sacha Guitry
4%
Kippur Israël Amos Gitai
0%
Marius and Jeannette / Marius et Jeannette France Robert Guédiguian
0%
Gadjo dilo France Tony Gatlif
0%
In the Beginning / À l'origine France Xavier Giannoli
0%
No matching quizzes found
Score Distribution
Percent of People with Each Score
Percentile by Number Answered
Your Score History
You have not taken this quiz